[Event "April 9 Early 2024"]
[Site "Chess.com"]
[Date "2024.04.09"]
[Round "5"]
[White "Santeramo, Alessia Carmen"]
[Black "Pertinez Soria, Juan Luis"]
[Result "1-0"]
[Board "248"]
[WhiteFideId "850810"]
[BlackFideId "2225620"]
[WhiteTitle "WFM"]
[BlackTitle "CM"]
[WhiteElo "2306"]
[BlackElo "2151"]
[WhiteTeam "ITA"]
[BlackTeam "ESP"]
[WhiteClock "0:00:30"]
[BlackClock "0:00:06"]
[Variant "Standard"]

1. e4 {[%clk 0:02:37]}  e6 {[%clk 0:02:53]} 2. d4 {[%clk 0:02:37]}  d5 {[%clk 0:02:47]} 3. Nc3 {[%clk 0:02:37]}  Nf6 {[%clk 0:02:46]} 4. Bg5 {[%clk 0:02:37]}  Bb4 {[%clk 0:02:46]} 5. e5 {[%clk 0:02:34]}  h6 {[%clk 0:02:45]} 6. Bd2 {[%clk 0:02:31]}  Bxc3 {[%clk 0:02:44]} 7. bxc3 {[%clk 0:02:31]}  Ne4 {[%clk 0:02:44]} 8. Qg4 {[%clk 0:02:31]}  Kf8 {[%clk 0:02:38]} 9. Bd3 {[%clk 0:02:32]}  Nxd2 {[%clk 0:02:36]} 10. Kxd2 {[%clk 0:02:32]}  c5 {[%clk 0:02:36]} 11. Nf3 {[%clk 0:02:28]}  Nc6 {[%clk 0:02:28]} 12. Qf4 {[%clk 0:02:28]}  c4 {[%clk 0:02:27]} 13. Be2 {[%clk 0:02:28]}  Qe7 {[%clk 0:02:22]} 14. h4 {[%clk 0:02:28]}  b5 {[%clk 0:02:21]} 15. Rhb1 {[%clk 0:02:21]}  Rb8 {[%clk 0:02:19]} 16. a3 {[%clk 0:02:18]}  a5 {[%clk 0:02:19]} 17. g4 {[%clk 0:02:14]}  Bd7 {[%clk 0:02:02]} 18. g5 {[%clk 0:02:04]}  Kg8 {[%clk 0:01:53]} 19. Rg1 {[%clk 0:01:50]}  h5 {[%clk 0:01:11]} 20. g6 {[%clk 0:01:47]}  b4 {[%clk 0:01:05]} 21. axb4 {[%clk 0:01:34]}  axb4 {[%clk 0:01:05]} 22. Ng5 {[%clk 0:01:22]}  fxg6 {[%clk 0:00:50]} 23. Nf3 {[%clk 0:01:14]}  Rf8 {[%clk 0:00:48]} 24. Qg3 {[%clk 0:01:03]}  bxc3+ {[%clk 0:00:47]} 25. Ke3 {[%clk 0:00:59]}  Be8 {[%clk 0:00:41]} 26. Ng5 {[%clk 0:00:51]}  Rf5 {[%clk 0:00:18]} 27. Ra8 {[%clk 0:00:46]}  Kf8 {[%clk 0:00:16]} 28. f4 {[%clk 0:00:44]}  Rh6 {[%clk 0:00:15]} 29. Rga1 {[%clk 0:00:43]}  Qb7 {[%clk 0:00:12]} 30. Qe1 {[%clk 0:00:38]}  Qb6 {[%clk 0:00:11]} 31. Qxc3 {[%clk 0:00:38]}  Rh8 {[%clk 0:00:09]} 32. Nxe6+ {[%clk 0:00:37]}  Ke7 {[%clk 0:00:09]} 33. Nxg7 {[%clk 0:00:35]}  Rf7 {[%clk 0:00:09]} 34. Qa3+ {[%clk 0:00:32]}  Kd7 {[%clk 0:00:06]} 35. Qd6# {[%clk 0:00:30]} 1-0

[Event "April 9 Early 2024"]
[Site "Chess.com"]
[Date "2024.04.09"]
[Round "5"]
[White "Mena, Martin"]
[Black "Freile Martin, Javier"]
[Result "0-1"]
[Board "249"]
[WhiteFideId "10651225"]
[BlackFideId "3600165"]
[WhiteTitle "FM"]
[BlackTitle "FM"]
[WhiteElo "2139"]
[BlackElo "2305"]
[WhiteTeam "EGY"]
[BlackTeam "ECU"]
[WhiteClock "0:00:02"]
[BlackClock "0:00:23"]
[Variant "Standard"]

1. c4 {[%clk 0:03:00]}  Nf6 {[%clk 0:02:57]} 2. g3 {[%clk 0:02:57]}  g6 {[%clk 0:02:57]} 3. Bg2 {[%clk 0:02:57]}  Bg7 {[%clk 0:02:57]} 4. Nc3 {[%clk 0:02:57]}  d6 {[%clk 0:02:58]} 5. d3 {[%clk 0:02:57]}  O-O {[%clk 0:02:57]} 6. Bg5 {[%clk 0:02:57]}  Nbd7 {[%clk 0:02:56]} 7. Qd2 {[%clk 0:02:57]}  Re8 {[%clk 0:02:56]} 8. e4 {[%clk 0:02:57]}  e5 {[%clk 0:02:54]} 9. Nge2 {[%clk 0:02:57]}  c6 {[%clk 0:02:46]} 10. O-O {[%clk 0:02:58]}  a5 {[%clk 0:02:43]} 11. h3 {[%clk 0:02:56]}  Nc5 {[%clk 0:02:41]} 12. f4 {[%clk 0:02:45]}  exf4 {[%clk 0:02:39]} 13. Rxf4 {[%clk 0:02:32]}  Ne6 {[%clk 0:02:21]} 14. Rf2 {[%clk 0:02:05]}  Nxg5 {[%clk 0:02:17]} 15. Qxg5 {[%clk 0:02:06]}  a4 {[%clk 0:02:10]} 16. Raf1 {[%clk 0:02:03]}  Ra5 {[%clk 0:02:05]} 17. Qd2 {[%clk 0:01:56]}  Rf8 {[%clk 0:01:52]} 18. g4 {[%clk 0:01:52]}  Nd7 {[%clk 0:01:41]} 19. Kh1 {[%clk 0:01:39]}  Ne5 {[%clk 0:01:32]} 20. Nd1 {[%clk 0:01:27]}  b6 {[%clk 0:01:24]} 21. Ne3 {[%clk 0:01:25]}  Qh4 {[%clk 0:01:16]} 22. Ng1 {[%clk 0:01:19]}  Nxg4 {[%clk 0:01:05]} 23. Rf4 {[%clk 0:01:10]}  h5 {[%clk 0:00:47]} 24. Nf3 {[%clk 0:01:00]}  Qg3 {[%clk 0:00:45]} 25. Nd1 {[%clk 0:00:20]}  Bh6 {[%clk 0:00:40]} 26. hxg4 {[%clk 0:00:19]}  Bxf4 {[%clk 0:00:36]} 27. Qf2 {[%clk 0:00:19]}  hxg4 {[%clk 0:00:36]} 28. Qxg3 {[%clk 0:00:18]}  Bxg3 {[%clk 0:00:36]} 29. Nd4 {[%clk 0:00:18]}  Rh5+ {[%clk 0:00:34]} 30. Kg1 {[%clk 0:00:17]}  c5 {[%clk 0:00:34]} 31. Nb5 {[%clk 0:00:12]}  Bh2+ {[%clk 0:00:33]} 32. Kf2 {[%clk 0:00:13]}  Be5 {[%clk 0:00:33]} 33. b3 {[%clk 0:00:06]}  axb3 {[%clk 0:00:30]} 34. axb3 {[%clk 0:00:07]}  g3+ {[%clk 0:00:30]} 35. Ke2 {[%clk 0:00:06]}  Bg4+ {[%clk 0:00:29]} 36. Kd2 {[%clk 0:00:04]}  Rh2 {[%clk 0:00:25]} 37. Ne3 {[%clk 0:00:02]}  Bh3 {[%clk 0:00:23]} 0-1

[Event "April 9 Early 2024"]
[Site "Chess.com"]
[Date "2024.04.09"]
[Round "5"]
[White "Escudero Donoso, Felipe"]
[Black "Dovzik, Juri"]
[Result "1-0"]
[Board "250"]
[WhiteFideId "3410595"]
[BlackFideId "14100223"]
[WhiteTitle "CM"]
[BlackTitle "IM"]
[WhiteElo "2293"]
[BlackElo "2129"]
[WhiteTeam "CHI"]
[BlackTeam "UKR"]
[WhiteClock "0:00:01"]
[BlackClock "0:00:00"]
[Variant "Standard"]

1. d4 {[%clk 0:02:57]}  Nf6 {[%clk 0:02:58]} 2. Nf3 {[%clk 0:02:55]}  e6 {[%clk 0:02:56]} 3. c4 {[%clk 0:02:55]}  b6 {[%clk 0:02:54]} 4. g3 {[%clk 0:02:48]}  Bb7 {[%clk 0:02:53]} 5. Bg2 {[%clk 0:02:48]}  Be7 {[%clk 0:02:49]} 6. O-O {[%clk 0:02:47]}  O-O {[%clk 0:02:49]} 7. Nc3 {[%clk 0:02:42]}  Ne4 {[%clk 0:02:46]} 8. Qc2 {[%clk 0:02:30]}  Nxc3 {[%clk 0:02:41]} 9. bxc3 {[%clk 0:02:27]}  f5 {[%clk 0:02:39]} 10. Bf4 {[%clk 0:02:22]}  Be4 {[%clk 0:02:28]} 11. Qb3 {[%clk 0:02:17]}  d6 {[%clk 0:02:23]} 12. Nd2 {[%clk 0:02:03]}  Bxg2 {[%clk 0:02:19]} 13. Kxg2 {[%clk 0:02:04]}  c5 {[%clk 0:02:15]} 14. e4 {[%clk 0:01:48]}  Qc7 {[%clk 0:01:56]} 15. e5 {[%clk 0:01:21]}  g5 {[%clk 0:01:45]} 16. exd6 {[%clk 0:01:20]}  Qb7+ {[%clk 0:01:36]} 17. Kg1 {[%clk 0:01:14]}  gxf4 {[%clk 0:01:36]} 18. dxe7 {[%clk 0:01:14]}  Qxe7 {[%clk 0:01:35]} 19. Rae1 {[%clk 0:01:03]}  Nd7 {[%clk 0:01:28]} 20. Nf3 {[%clk 0:00:57]}  Rf6 {[%clk 0:01:19]} 21. Qb5 {[%clk 0:00:54]}  Qd6 {[%clk 0:01:05]} 22. Rd1 {[%clk 0:00:41]}  Qc7 {[%clk 0:00:52]} 23. Rfe1 {[%clk 0:00:38]}  Raf8 {[%clk 0:00:44]} 24. d5 {[%clk 0:00:31]}  e5 {[%clk 0:00:35]} 25. d6 {[%clk 0:00:14]}  Rxd6 {[%clk 0:00:33]} 26. Rxd6 {[%clk 0:00:14]}  Qxd6 {[%clk 0:00:32]} 27. Qa4 {[%clk 0:00:15]}  Rf7 {[%clk 0:00:27]} 28. Rd1 {[%clk 0:00:15]}  Qe6 {[%clk 0:00:24]} 29. Qxa7 {[%clk 0:00:14]}  h6 {[%clk 0:00:19]} 30. Qa8+ {[%clk 0:00:12]}  Kg7 {[%clk 0:00:18]} 31. Nh4 {[%clk 0:00:08]}  fxg3 {[%clk 0:00:16]} 32. hxg3 {[%clk 0:00:07]}  f4 {[%clk 0:00:15]} 33. Qe4 {[%clk 0:00:03]}  fxg3 {[%clk 0:00:10]} 34. fxg3 {[%clk 0:00:04]}  Qf6 {[%clk 0:00:08]} 35. Qg4+ {[%clk 0:00:04]}  Qg5 {[%clk 0:00:05]} 36. Qxg5+ {[%clk 0:00:02]}  hxg5 {[%clk 0:00:05]} 37. Ng2 {[%clk 0:00:03]}  e4 {[%clk 0:00:05]} 38. Ne3 {[%clk 0:00:03]}  Ne5 {[%clk 0:00:00]} 39. Rd5 {[%clk 0:00:01]} 1-0

[Event "April 9 Early 2024"]
[Site "Chess.com"]
[Date "2024.04.09"]
[Round "5"]
[White "Ghosh, Chanchal Kumer"]
[Black "Jordan, Christian"]
[Result "1-0"]
[Board "253"]
[WhiteFideId "10201858"]
[BlackFideId "4681193"]
[WhiteTitle "CM"]
[BlackTitle "CM"]
[WhiteElo "2246"]
[BlackElo "2010"]
[WhiteTeam "BAN"]
[BlackTeam "GER"]
[WhiteClock "0:00:14"]
[BlackClock "0:00:08"]
[Variant "Standard"]

1. e4 {[%clk 0:02:04]}  e6 {[%clk 0:02:57]} 2. Nf3 {[%clk 0:02:04]}  d5 {[%clk 0:02:56]} 3. Nc3 {[%clk 0:02:03]}  Nf6 {[%clk 0:02:54]} 4. e5 {[%clk 0:02:00]}  Nfd7 {[%clk 0:02:53]} 5. d3 {[%clk 0:02:00]}  c5 {[%clk 0:02:47]} 6. Be2 {[%clk 0:01:59]}  Nc6 {[%clk 0:02:38]} 7. Bf4 {[%clk 0:01:57]}  f6 {[%clk 0:02:36]} 8. exf6 {[%clk 0:01:56]}  Qxf6 {[%clk 0:02:19]} 9. Bg5 {[%clk 0:01:52]}  Qf7 {[%clk 0:02:16]} 10. O-O {[%clk 0:01:50]}  Bd6 {[%clk 0:02:09]} 11. Re1 {[%clk 0:01:47]}  O-O {[%clk 0:02:04]} 12. Bh4 {[%clk 0:01:44]}  Nde5 {[%clk 0:01:45]} 13. Nxe5 {[%clk 0:01:14]}  Bxe5 {[%clk 0:01:34]} 14. Bf3 {[%clk 0:01:09]}  Bd4 {[%clk 0:01:19]} 15. Ne2 {[%clk 0:00:45]}  Bxb2 {[%clk 0:01:15]} 16. Rb1 {[%clk 0:00:45]}  Be5 {[%clk 0:01:11]} 17. c3 {[%clk 0:00:41]}  b6 {[%clk 0:01:10]} 18. d4 {[%clk 0:00:38]}  Bd6 {[%clk 0:01:08]} 19. Bg3 {[%clk 0:00:34]}  Bxg3 {[%clk 0:01:06]} 20. Nxg3 {[%clk 0:00:34]}  Bd7 {[%clk 0:00:56]} 21. Re2 {[%clk 0:00:31]}  Rab8 {[%clk 0:00:51]} 22. Qd2 {[%clk 0:00:20]}  Qf6 {[%clk 0:00:50]} 23. Nh5 {[%clk 0:00:18]}  Qh4 {[%clk 0:00:36]} 24. Ng3 {[%clk 0:00:18]}  cxd4 {[%clk 0:00:35]} 25. cxd4 {[%clk 0:00:18]}  Nxd4 {[%clk 0:00:34]} 26. Re3 {[%clk 0:00:17]}  Nxf3+ {[%clk 0:00:33]} 27. Rxf3 {[%clk 0:00:17]}  Rxf3 {[%clk 0:00:33]} 28. gxf3 {[%clk 0:00:18]}  Rc8 {[%clk 0:00:29]} 29. Qe3 {[%clk 0:00:18]}  Qf6 {[%clk 0:00:23]} 30. Re1 {[%clk 0:00:17]}  Rc3 {[%clk 0:00:22]} 31. Qe2 {[%clk 0:00:16]}  Qxf3 {[%clk 0:00:21]} 32. Qe5 {[%clk 0:00:14]}  Rc2 {[%clk 0:00:18]} 33. Rf1 {[%clk 0:00:14]}  Qc3 {[%clk 0:00:13]} 34. Qd6 {[%clk 0:00:14]}  Qc7 {[%clk 0:00:12]} 35. Qe7 {[%clk 0:00:14]}  Bb5 {[%clk 0:00:11]} 36. Qxe6+ {[%clk 0:00:14]}  Kh8 {[%clk 0:00:11]} 37. Re1 {[%clk 0:00:13]}  d4 {[%clk 0:00:08]} 38. Qe8+ {[%clk 0:00:13]}  Bxe8 {[%clk 0:00:08]} 39. Rxe8# {[%clk 0:00:14]} 1-0

[Event "April 9 Early 2024"]
[Site "Chess.com"]
[Date "2024.04.10"]
[Round "5"]
[White "Nusrat Jahan, Alo"]
[Black "Chernov, Alexander A."]
[Result "0-1"]
[Board "254"]
[WhiteFideId "10226826"]
[BlackFideId "4152492"]
[WhiteTitle "WCM"]
[BlackTitle "FM"]
[WhiteElo "1874"]
[BlackElo "2236"]
[WhiteTeam "BAN"]
[BlackTeam "RUS"]
[WhiteClock "0:00:13"]
[BlackClock "0:00:19"]
[Variant "Standard"]

1. e4 {[%clk 0:02:59]}  d6 {[%clk 0:02:58]} 2. d4 {[%clk 0:02:59]}  Nf6 {[%clk 0:02:58]} 3. Bd3 {[%clk 0:02:57]}  e5 {[%clk 0:02:57]} 4. d5 {[%clk 0:02:54]}  Be7 {[%clk 0:02:54]} 5. Nf3 {[%clk 0:02:54]}  O-O {[%clk 0:02:53]} 6. O-O {[%clk 0:02:54]}  c6 {[%clk 0:02:46]} 7. c4 {[%clk 0:02:53]}  a6 {[%clk 0:02:45]} 8. a4 {[%clk 0:02:50]}  a5 {[%clk 0:02:44]} 9. Bd2 {[%clk 0:02:47]}  Na6 {[%clk 0:02:43]} 10. h3 {[%clk 0:02:34]}  Nc5 {[%clk 0:02:43]} 11. Qc2 {[%clk 0:02:26]}  Nxd3 {[%clk 0:02:38]} 12. Qxd3 {[%clk 0:02:27]}  c5 {[%clk 0:02:26]} 13. Nc3 {[%clk 0:02:27]}  Bd7 {[%clk 0:02:24]} 14. Nh2 {[%clk 0:02:24]}  Ne8 {[%clk 0:02:21]} 15. f4 {[%clk 0:02:24]}  exf4 {[%clk 0:02:17]} 16. Bxf4 {[%clk 0:02:19]}  Bf6 {[%clk 0:02:16]} 17. Nf3 {[%clk 0:02:13]}  Qe7 {[%clk 0:02:08]} 18. Rae1 {[%clk 0:02:12]}  Bxc3 {[%clk 0:02:06]} 19. Qxc3 {[%clk 0:02:06]}  f6 {[%clk 0:02:05]} 20. Qb3 {[%clk 0:01:48]}  Qd8 {[%clk 0:01:59]} 21. Nh2 {[%clk 0:01:44]}  Qc7 {[%clk 0:01:58]} 22. Qg3 {[%clk 0:01:42]}  Bxa4 {[%clk 0:01:52]} 23. Ng4 {[%clk 0:01:35]}  Kh8 {[%clk 0:01:51]} 24. h4 {[%clk 0:01:28]}  Bd7 {[%clk 0:01:46]} 25. Ne3 {[%clk 0:01:26]}  a4 {[%clk 0:01:28]} 26. Nf5 {[%clk 0:01:26]}  Bxf5 {[%clk 0:01:24]} 27. exf5 {[%clk 0:01:27]}  Rd8 {[%clk 0:01:11]} 28. Re2 {[%clk 0:01:18]}  Qd7 {[%clk 0:01:09]} 29. Bd2 {[%clk 0:01:08]}  b5 {[%clk 0:01:00]} 30. Rfe1 {[%clk 0:00:56]}  Rf7 {[%clk 0:00:52]} 31. Ba5 {[%clk 0:00:49]}  Rb8 {[%clk 0:00:45]} 32. cxb5 {[%clk 0:00:48]}  Qxb5 {[%clk 0:00:40]} 33. Bc3 {[%clk 0:00:43]}  Qd7 {[%clk 0:00:35]} 34. Re4 {[%clk 0:00:38]}  Nc7 {[%clk 0:00:34]} 35. Qd3 {[%clk 0:00:32]}  h6 {[%clk 0:00:31]} 36. R1e3 {[%clk 0:00:27]}  Nb5 {[%clk 0:00:30]} 37. Qe2 {[%clk 0:00:20]}  Kh7 {[%clk 0:00:29]} 38. Re7 {[%clk 0:00:20]}  Nxc3 {[%clk 0:00:26]} 39. bxc3 {[%clk 0:00:20]}  Rxe7 {[%clk 0:00:24]} 40. Rxe7 {[%clk 0:00:20]}  Qb5 {[%clk 0:00:23]} 41. Kh2 {[%clk 0:00:21]}  Qxe2 {[%clk 0:00:22]} 42. Rxe2 {[%clk 0:00:22]}  Rb3 {[%clk 0:00:21]} 43. Ra2 {[%clk 0:00:22]}  a3 {[%clk 0:00:21]} 44. c4 {[%clk 0:00:23]}  Rc3 {[%clk 0:00:21]} 45. Kg1 {[%clk 0:00:22]}  Rxc4 {[%clk 0:00:21]} 46. Rxa3 {[%clk 0:00:23]}  Rd4 {[%clk 0:00:21]} 47. Rc3 {[%clk 0:00:20]}  Rxd5 {[%clk 0:00:21]} 48. g4 {[%clk 0:00:21]}  h5 {[%clk 0:00:21]} 49. gxh5 {[%clk 0:00:20]}  Rxf5 {[%clk 0:00:20]} 50. Kg2 {[%clk 0:00:21]}  Rd5 {[%clk 0:00:20]} 51. Kg3 {[%clk 0:00:21]}  Kh6 {[%clk 0:00:20]} 52. Kf4 {[%clk 0:00:22]}  Rd4+ {[%clk 0:00:21]} 53. Kf5 {[%clk 0:00:20]}  Kxh5 {[%clk 0:00:21]} 54. Ke6 {[%clk 0:00:20]}  g6 {[%clk 0:00:20]} 55. Rg3 {[%clk 0:00:20]}  g5 {[%clk 0:00:19]} 56. hxg5 {[%clk 0:00:19]}  fxg5 {[%clk 0:00:19]} 57. Kf5 {[%clk 0:00:20]}  g4 {[%clk 0:00:18]} 58. Rg1 {[%clk 0:00:20]}  Kh4 {[%clk 0:00:18]} 59. Rh1+ {[%clk 0:00:20]}  Kg3 {[%clk 0:00:19]} 60. Rg1+ {[%clk 0:00:20]}  Kf3 {[%clk 0:00:19]} 61. Rf1+ {[%clk 0:00:20]}  Kg2 {[%clk 0:00:19]} 62. Rc1 {[%clk 0:00:19]}  g3 {[%clk 0:00:19]} 63. Rc2+ {[%clk 0:00:18]}  Kh3 {[%clk 0:00:19]} 64. Rc3 {[%clk 0:00:13]}  Kh2 {[%clk 0:00:19]} 0-1

[Event "April 9 Early 2024"]
[Site "Chess.com"]
[Date "2024.04.09"]
[Round "6"]
[White "Dau Khuong Duy"]
[Black "Shuvalov, Evgenij"]
[Result "1-0"]
[Board "34"]
[WhiteFideId "12424722"]
[BlackFideId "4187237"]
[WhiteTitle "CM"]
[WhiteElo "2870"]
[BlackElo "2620"]
[WhiteTeam "VIE"]
[BlackTeam "FID"]
[WhiteClock "0:00:09"]
[BlackClock "0:00:00"]
[Variant "Standard"]

1. e4 {[%clk 0:03:00]}  e6 {[%clk 0:03:00]} 2. d4 {[%clk 0:02:58]}  d5 {[%clk 0:03:00]} 3. Nc3 {[%clk 0:02:58]}  Bb4 {[%clk 0:03:00]} 4. e5 {[%clk 0:02:58]}  c5 {[%clk 0:03:00]} 5. a3 {[%clk 0:02:56]}  Bxc3+ {[%clk 0:03:00]} 6. bxc3 {[%clk 0:02:57]}  Nc6 {[%clk 0:02:59]} 7. Qg4 {[%clk 0:02:51]}  g6 {[%clk 0:02:59]} 8. Bd3 {[%clk 0:02:45]}  Qa5 {[%clk 0:02:55]} 9. Bd2 {[%clk 0:02:45]}  c4 {[%clk 0:02:55]} 10. Be2 {[%clk 0:02:45]}  Bd7 {[%clk 0:02:54]} 11. h4 {[%clk 0:02:43]}  h6 {[%clk 0:02:54]} 12. Nh3 {[%clk 0:02:37]}  O-O-O {[%clk 0:02:51]} 13. Qf4 {[%clk 0:02:27]}  Rh7 {[%clk 0:02:48]} 14. O-O {[%clk 0:02:24]}  Rf8 {[%clk 0:02:45]} 15. Qg3 {[%clk 0:02:23]}  Nge7 {[%clk 0:02:19]} 16. Rfd1 {[%clk 0:02:02]}  Nf5 {[%clk 0:02:16]} 17. Qf4 {[%clk 0:02:00]}  Qd8 {[%clk 0:02:12]} 18. h5 {[%clk 0:01:50]}  g5 {[%clk 0:02:11]} 19. Qh2 {[%clk 0:01:50]}  f6 {[%clk 0:02:06]} 20. exf6 {[%clk 0:01:30]}  Qxf6 {[%clk 0:01:56]} 21. f4 {[%clk 0:01:30]}  g4 {[%clk 0:01:31]} 22. Bxg4 {[%clk 0:01:22]}  Rg7 {[%clk 0:01:30]} 23. Nf2 {[%clk 0:01:14]}  Rfg8 {[%clk 0:01:25]} 24. Bh3 {[%clk 0:01:06]}  Ng3 {[%clk 0:01:20]} 25. Re1 {[%clk 0:00:59]}  Ne7 {[%clk 0:00:47]} 26. f5 {[%clk 0:00:41]}  Nexf5 {[%clk 0:00:44]} 27. Bxf5 {[%clk 0:00:23]}  Qxf5 {[%clk 0:00:40]} 28. Rac1 {[%clk 0:00:14]}  Nxh5 {[%clk 0:00:17]} 29. Re5 {[%clk 0:00:14]}  Rxg2+ {[%clk 0:00:15]} 30. Qxg2 {[%clk 0:00:14]}  Rxg2+ {[%clk 0:00:16]} 31. Kxg2 {[%clk 0:00:15]}  Nf4+ {[%clk 0:00:15]} 32. Kf3 {[%clk 0:00:12]}  Qf6 {[%clk 0:00:09]} 33. Bxf4 {[%clk 0:00:13]}  Be8 {[%clk 0:00:09]} 34. Rh1 {[%clk 0:00:12]}  h5 {[%clk 0:00:08]} 35. Ke3 {[%clk 0:00:12]}  Bg6 {[%clk 0:00:08]} 36. Rg1 {[%clk 0:00:11]}  Bf5 {[%clk 0:00:08]} 37. Bg5 {[%clk 0:00:11]}  Qf8 {[%clk 0:00:06]} 38. Kd2 {[%clk 0:00:08]}  Qxa3 {[%clk 0:00:06]} 39. Nd1 {[%clk 0:00:08]}  Qa2 {[%clk 0:00:06]} 40. Ne3 {[%clk 0:00:09]}  Be4 {[%clk 0:00:04]} 41. Be7 {[%clk 0:00:09]}  Kd7 {[%clk 0:00:04]} 42. Bf6 {[%clk 0:00:09]}  b5 {[%clk 0:00:03]} 43. Rg7+ {[%clk 0:00:09]}  Kd6 {[%clk 0:00:02]} 44. Be7+ {[%clk 0:00:09]}  Kd7 {[%clk 0:00:00]} 45. Bc5+ {[%clk 0:00:09]} 1-0

[Event "April 9 Early 2024"]
[Site "Chess.com"]
[Date "2024.04.09"]
[Round "6"]
[White "Ismagilov, Damir"]
[Black "Mahdavi, Reza"]
[Result "0-1"]
[Board "35"]
[WhiteFideId "34199982"]
[BlackFideId "12595926"]
[WhiteTitle "CM"]
[BlackTitle "FM"]
[WhiteElo "2611"]
[BlackElo "2870"]
[WhiteTeam "RUS"]
[BlackTeam "IRI"]
[WhiteClock "0:00:03"]
[BlackClock "0:01:26"]
[Variant "Standard"]

1. d4 {[%clk 0:03:00]}  Nf6 {[%clk 0:02:58]} 2. c4 {[%clk 0:03:00]}  b6 {[%clk 0:02:58]} 3. Nf3 {[%clk 0:02:49]}  Bb7 {[%clk 0:02:55]} 4. g3 {[%clk 0:02:50]}  g6 {[%clk 0:02:53]} 5. Bg2 {[%clk 0:02:50]}  Bg7 {[%clk 0:02:53]} 6. O-O {[%clk 0:02:50]}  O-O {[%clk 0:02:53]} 7. Nc3 {[%clk 0:02:42]}  Ne4 {[%clk 0:02:46]} 8. Qc2 {[%clk 0:02:42]}  Nxc3 {[%clk 0:02:43]} 9. bxc3 {[%clk 0:02:43]}  Nc6 {[%clk 0:02:20]} 10. e4 {[%clk 0:02:15]}  d6 {[%clk 0:02:18]} 11. Re1 {[%clk 0:02:07]}  e5 {[%clk 0:02:18]} 12. Be3 {[%clk 0:02:03]}  Qe7 {[%clk 0:02:16]} 13. Rab1 {[%clk 0:02:01]}  Rad8 {[%clk 0:02:02]} 14. h4 {[%clk 0:01:53]}  Rfe8 {[%clk 0:01:59]} 15. d5 {[%clk 0:01:15]}  Na5 {[%clk 0:01:58]} 16. Nd2 {[%clk 0:01:14]}  Ba6 {[%clk 0:01:56]} 17. Qa4 {[%clk 0:01:13]}  Bc8 {[%clk 0:01:56]} 18. Nb3 {[%clk 0:01:06]}  Bd7 {[%clk 0:01:56]} 19. Qb4 {[%clk 0:01:05]}  Nb7 {[%clk 0:01:56]} 20. Qa3 {[%clk 0:01:03]}  a5 {[%clk 0:01:56]} 21. Kh2 {[%clk 0:00:49]}  h6 {[%clk 0:01:56]} 22. Nd2 {[%clk 0:00:49]}  Rf8 {[%clk 0:01:56]} 23. h5 {[%clk 0:00:35]}  g5 {[%clk 0:01:55]} 24. Rbd1 {[%clk 0:00:30]}  Rde8 {[%clk 0:01:48]} 25. Qc1 {[%clk 0:00:29]}  Bg4 {[%clk 0:01:42]} 26. Bf3 {[%clk 0:00:28]}  Bxf3 {[%clk 0:01:40]} 27. Nxf3 {[%clk 0:00:29]}  Qd7 {[%clk 0:01:41]} 28. Kg2 {[%clk 0:00:17]}  Qg4 {[%clk 0:01:40]} 29. Qc2 {[%clk 0:00:09]}  Qxh5 {[%clk 0:01:35]} 30. Rh1 {[%clk 0:00:09]}  Qg6 {[%clk 0:01:36]} 31. Rh2 {[%clk 0:00:08]}  f5 {[%clk 0:01:34]} 32. exf5 {[%clk 0:00:08]}  Qxf5 {[%clk 0:01:35]} 33. Qxf5 {[%clk 0:00:07]}  Rxf5 {[%clk 0:01:36]} 34. Nd2 {[%clk 0:00:07]}  e4 {[%clk 0:01:34]} 35. Rc1 {[%clk 0:00:06]}  Nc5 {[%clk 0:01:34]} 36. Bxc5 {[%clk 0:00:06]}  bxc5 {[%clk 0:01:35]} 37. Nf1 {[%clk 0:00:06]}  Ref8 {[%clk 0:01:34]} 38. Kg1 {[%clk 0:00:07]}  Rf3 {[%clk 0:01:35]} 39. Ne3 {[%clk 0:00:07]}  Kh7 {[%clk 0:01:34]} 40. Rc2 {[%clk 0:00:05]}  Kg6 {[%clk 0:01:34]} 41. Rg2 {[%clk 0:00:05]}  h5 {[%clk 0:01:35]} 42. Rh2 {[%clk 0:00:05]}  Be5 {[%clk 0:01:35]} 43. Rh3 {[%clk 0:00:04]}  g4 {[%clk 0:01:35]} 44. Rh1 {[%clk 0:00:04]}  Bxg3 {[%clk 0:01:36]} 45. Nxg4 {[%clk 0:00:03]}  hxg4 {[%clk 0:01:35]} 46. fxg3 {[%clk 0:00:03]}  Rxg3+ {[%clk 0:01:35]} 47. Kh2 {[%clk 0:00:04]}  Rgf3 {[%clk 0:01:31]} 48. Kg2 {[%clk 0:00:03]}  e3 {[%clk 0:01:26]} 49. Rh4 {[%clk 0:00:03]}  Kg5 {[%clk 0:01:26]} 50. Rh7 {[%clk 0:00:03]}  R3f7 {[%clk 0:01:27]} 51. Rh1 {[%clk 0:00:02]}  Rf2+ {[%clk 0:01:27]} 52. Rxf2 {[%clk 0:00:03]}  exf2 {[%clk 0:01:28]} 53. Kg3 {[%clk 0:00:03]}  f1=Q {[%clk 0:01:26]} 0-1

[Event "April 9 Early 2024"]
[Site "Chess.com"]
[Date "2024.04.09"]
[Round "6"]
[White "Sielecki, Christof"]
[Black "Aravindh, Chithambaram VR."]
[Result "0-1"]
[Board "36"]
[WhiteFideId "4620437"]
[BlackFideId "5072786"]
[WhiteTitle "IM"]
[BlackTitle "GM"]
[WhiteElo "2608"]
[BlackElo "2869"]
[WhiteTeam "GER"]
[BlackTeam "IND"]
[WhiteClock "0:00:26"]
[BlackClock "0:01:53"]
[Variant "Standard"]

1. d4 {[%clk 0:03:00]}  d6 {[%clk 0:02:57]} 2. g3 {[%clk 0:03:00]}  Nd7 {[%clk 0:02:58]} 3. c4 {[%clk 0:02:52]}  Ngf6 {[%clk 0:02:59]} 4. Nc3 {[%clk 0:02:51]}  e5 {[%clk 0:02:57]} 5. Nf3 {[%clk 0:02:51]}  g6 {[%clk 0:02:54]} 6. Bg2 {[%clk 0:02:40]}  Bg7 {[%clk 0:02:53]} 7. O-O {[%clk 0:02:30]}  O-O {[%clk 0:02:53]} 8. Qc2 {[%clk 0:02:30]}  Re8 {[%clk 0:02:48]} 9. dxe5 {[%clk 0:02:29]}  dxe5 {[%clk 0:02:48]} 10. Rd1 {[%clk 0:02:28]}  e4 {[%clk 0:02:41]} 11. Ng5 {[%clk 0:02:23]}  e3 {[%clk 0:02:42]} 12. Bxe3 {[%clk 0:02:20]}  Rxe3 {[%clk 0:02:41]} 13. fxe3 {[%clk 0:02:21]}  Ng4 {[%clk 0:02:41]} 14. Nf3 {[%clk 0:02:00]}  Nxe3 {[%clk 0:02:39]} 15. Qd3 {[%clk 0:01:58]}  Nxd1 {[%clk 0:02:39]} 16. Rxd1 {[%clk 0:01:53]}  c6 {[%clk 0:02:37]} 17. Bh3 {[%clk 0:01:51]}  Qb6+ {[%clk 0:02:34]} 18. Kg2 {[%clk 0:01:45]}  Qxb2 {[%clk 0:01:58]} 19. Bxd7 {[%clk 0:01:02]}  Bxd7 {[%clk 0:01:56]} 20. Na4 {[%clk 0:00:38]}  Qxa2 {[%clk 0:01:55]} 21. Qxd7 {[%clk 0:00:26]}  Qxe2+ {[%clk 0:01:53]} 0-1